| 000 | 00677nam a22002057a 4500 | ||
|---|---|---|---|
| 999 |
_c19947 _d19947 |
||
| 003 | AR-CdUCM | ||
| 008 | 190321b ||||| |||| 00| 0 spa d | ||
| 040 |
_aMUNICIPALIDAD PROVINCIAL DEL CUSCO _cBIBLIOTECA MUNICIPAL DEL CUSCO |
||
| 082 |
_a632.56 / _bL26 |
||
| 100 |
_aLora Tamayo, M _941721 |
||
| 245 | _aLa investigación Química española / | ||
| 260 |
_aMéxico : _bAlhambra, _c1981. |
||
| 300 |
_a332 páginas ; _c21 cm. |
||
| 440 |
_aExedra _n132 _941722 |
||
| 505 | _aContenido: Antecedentes históricos -- la investigación Química española en el siglo XX. | ||
| 650 |
_aInvestigación _91940 |
||
| 650 |
_aQuímica _94512 |
||
| 942 |
_2ddc _cLIBROS |
||
| 945 | _arcc | ||